| Tag |
First Indicator |
Second Indicator |
Subfields |
| LEADER |
00000cam a2200000 4500 |
| 001 |
in00000026329 |
| 005 |
20151007061234.0 |
| 008 |
750513s1958 nyua 00000 eng u |
| 010 |
|
|
|a 58013710
|
| 035 |
|
|
|a (OCoLC)01328308
|
| 035 |
|
|
|9 AAD1523AM
|
| 040 |
|
|
|c ORL
|d TXA
|d UtOrBLW
|
| 049 |
|
|
|a TXAM
|c [305535]
|
| 050 |
0 |
0 |
|a SB449
|b .S445
|
| 082 |
0 |
|
|a 635.966
|
| 092 |
|
|
|a 635.966
|b S386h
|
| 100 |
1 |
|
|a Schulke, Zelda Wyatt.
|
| 245 |
1 |
0 |
|a Hanging flower and plant decorations.
|
| 264 |
|
1 |
|a New York :
|b Hearthside Press,
|c [1958]
|
| 264 |
|
4 |
|c [©1958]
|
| 300 |
|
|
|a 125 pages :
|b illustrations ;
|c 24 cm.
|
| 336 |
|
|
|a text
|b txt
|2 rdacontent
|
| 337 |
|
|
|a unmediated
|b n
|2 rdamedia
|
| 338 |
|
|
|a volume
|b nc
|2 rdacarrier
|
| 650 |
|
0 |
|a Flower arrangement.
|
| 999 |
|
|
|a MARS
|
| 999 |
f |
f |
|s 7f2349fc-8f9e-3e2f-b5f8-b49ac2dac110
|i 02cf1d7d-0a0b-3140-9511-aa2d451594d0
|t 0
|
| 952 |
f |
f |
|p ric
|a Texas A&M University
|b Rellis Campus
|c Joint Library Facility
|d Remote Storage
|t 0
|e SB449 .S445
|h Library of Congress classification
|i unmediated -- volume
|m A14801085898
|
| 998 |
f |
f |
|a SB449 .S445
|t 0
|l Remote Storage
|